Statistics for Paris Saint-Germain - Marseille 2019-20

Click here to take the quiz!

General Stats

  • This quiz has been taken 106 times
  • The average score is 18 of 30

Answer Stats

Player% Correct
Kylian Mbappé ²
98%
Keylor Navas
92%
Marco Verratti
89%
Marquinhos
89%
Presnel Kimpembe
86%
Ángel Di María
85%
Dimitri Payet
85%
Steve Mandanda
83%
Mauro Icardi ²
82%
Juan Bernat
76%
Thiago Silva
74%
Thomas Tuchel
68%
Edinson Cavani
67%
Hiroki Sakai
56%
Darío Benedetto
55%
Valentin Rongier
54%
Leandro Paredes
50%
Boubacar Kamara
49%
Duje Ćaleta-Car
49%
Jordan Amavi
49%
Ander Herrera
45%
Valère Germain
45%
André Villas-Boas
42%
Bouna Sarr
42%
Morgan Sanson
42%
Colin Dagba
37%
Maxime Lopez
32%
Kevin Strootman
29%
Pablo Sarabia
27%
Marley Aké
8%

Score Distribution

Percentile by Number Answered

Percent of People with Each Score

Your Score History

You have not taken this quiz